000 00929nam a22002651u 4500
001 05375
003 HDC
007 cr bn ---
008 210120p xx fo d 00 engg
040 _aHDC
100 _aYAAKOB B. CHE MAN & SHUHAIMI B. MUSTAFA
_eauthor
_95612
245 0 _aUPDATES OF HALAL PRODUCTS AUTHENTICATION /
_cby YAAKOB B. CHE MAN & SHUHAIMI B. MUSTAFA
260 _a[No place] :
_b[publisher not identified],
_c2010
300 _a46 pages :
_bIllustrations
336 _atext
_2rdacontent
337 _acomputer
_2rdamedia
338 _aonline resource
_2rdacarrier
650 _aHalal food
_950
650 _aHalal Industry
_9144
650 _aHalal products
_9642
856 _zRequest full-text at [email protected]
942 _2lcc
942 _cSLIDE
942 _kSLID 000376
999 _c2699
_d2699